Imagine: John Lennon
Documental biográfico sobre el integrante de Los Beatles, John Lennon, creador de una de las canciones más importantes de la historia reciente de la música: Imagine.
Guardado en:
| Autor Principal: | |
|---|---|
| Autor Corporativo: | |
| Otros Autores: | , |
| Formato: | |
| Idioma: | Undetermined |
| Publicado: |
Estados Unidos :
Warner Bros Entertainment,
1988.
|
| Materias: | |
| Etiquetas: |
Agregar Etiqueta
Sin Etiquetas, Sea el primero en etiquetar este registro!
|
| LEADER | 01075ngm a22002535a 4500 | ||
|---|---|---|---|
| 001 | CEM.cems020895 | ||
| 008 | 240311s1988####xx#---############vlund#d | ||
| 005 | 20240311195714.0 | ||
| 245 | 1 | 0 | |a Imagine: John Lennon |h [videograbación] / |c Andrew Solt. |
| 260 | |a Estados Unidos : |b Warner Bros Entertainment, |c 1988. | ||
| 300 | |a 106'. | ||
| 520 | |a Documental biográfico sobre el integrante de Los Beatles, John Lennon, creador de una de las canciones más importantes de la historia reciente de la música: Imagine. | ||
| 538 | |a Soporte: DVD -- Formato: AVI Peso: 694 mb -- Resolución: 512 x 272 -- 29.97 fps | ||
| 500 | |a Título original: Imagine: John Lennon Idioma: Inglés Subtítulos: Español. | ||
| 590 | |a Identificación anterior: 347 | ||
| 100 | 1 | |a Solt, Andrew. | |
| 700 | 1 | |a Lennon, John; Música. | |
| 700 | 1 | |a Almendros, Néstor; Fotografía. | |
| 710 | 2 | |a Warner Bros. | |
| 653 | |a DOCUMENTAL | ||
| 653 | |a BIOGRAFÍA | ||
| 653 | |a BEATLES | ||
| 653 | |a JOHN LENNON | ||
| 859 | |a CEMS |b BIB. CEMS - Depto. Recursos Didacticos |h 778.5 |i SOL-4 |k DRD |p 3284.24 |t Ej.1 | ||
